000 00616nam a2200229Ia 4500
003 OSt
005 20220927105111.0
006 a|||||r|||| 00| 0
007 ta
008 220926b |||||||| |||| 00| 0 eng d
024 _a196209
037 _cReference Collections
040 _aRTL
_cRTL
_beng
041 _2eng
_aeng
082 _a"X61.10N7, L8"
100 _aDoty Richard G.
_9370138
245 0 _aMoney of the world
260 _aGreat
_bBritain Ridge press
_c1978
300 _a239p
_ccm.
942 _h"X61.10N7, L8"
_cCC
999 _c690640
_d690640